Türkiye Büyük Millet Meclisi CHP Grubu 23. dönem milletvekilleri albümü (Record no. 4502)
[ view plain ]
| 000 -BAŞLIK | |
|---|---|
| Sabit Uzunlukta Kontrol Alanı | 01128na a2200325 4500 |
| 001 - KONTROL NUMARASI | |
| Denetim Alanı | 20766 |
| 003 - KONTROL NUMARASI IDENTIFIER | |
| Denetim Alanı | MIRAKIL |
| 005 - SON İŞLEM TARİHİ VE ZAMANI | |
| Denetim Alanı | 20181213155008.0 |
| 008 - SABİT-BOY VERİ ELEMANLARI - GENEL BİLGİLER | |
| Sabit Uzunlukta Kontrol Alanı | 170126b tu 000 0 |
| 035 ## - SİSTEM KONTROL NUMARASI | |
| Sistem Kontrol Numarası | 20766 |
| 040 ## - KATALOGLAMA KAYNAK | |
| Orijinal Kataloglama Ajansı | Milas |
| Kataloglama Dili | tur |
| Metne Dönüştürmek Ajansı | TR-AnCHP |
| 041 ## - DİL KODU | |
| Metin / Ses Parça Veya Ayrı Başlığın Dil Kodu | tur |
| 082 ## - DEWEY ONLU SINIFLANDIRMA NUMARASI | |
| Sınıflandırma Numarası | CHP 328.561 |
| Ürün Numarası | C36t 2007 |
| 090 ## - SINIFLAMA NUMARASI | |
| Sınıflama Numarası | CHP 328.561 C36t 2007 |
| 110 ## - ANA GİRİŞ - KURUMSAL ADI | |
| Giriş Elemanı Olarak Kurumsal Ad Veya Yargı Alanı Adı | Cumhuriyet Halk Partisi (CHP) |
| Alt Birim | TBMM Grup Başkanlığı |
| 222 ## - ANAHTAR ADI | |
| Anahtar Başlık | TBMM grubu albümü |
| 245 ## - BAŞLIK TABLOSU | |
| Başlık | Türkiye Büyük Millet Meclisi CHP Grubu 23. dönem milletvekilleri albümü |
| Sorumluluk Tablosu, Vb | CHP |
| 246 ## - UNVAN FORM VARYING | |
| Başlık Doğru / Kısa Başlığı | CHP 23. dönem milletvekilleri albümü |
| 260 ## - YAYIN, DAĞITIM, VB | |
| Yayın, Dağıtım, Vb Yeri | Ankara |
| Yayıncı, Dağıtıcı, Vs Adı | CHP |
| Yayın, Dağıtım, Vb Tarihi | 2007 |
| 300 ## - FİZİKSEL TANIM | |
| Kapsam | 79 s. |
| Diğer Fiziksel Ayrıntıları | rnkl. fotg. |
| Boyutlar | 20 sm. |
| 440 ## - SERİSİ TABLOSU / KATMA GİRİŞİ - BAŞLIK | |
| Başlık | Cumhuriyet Halk Partisi yayınları |
| Bir İşin Parçası / Bölümün İsmi | Albümler |
| 500 ## - GENEL NOT | |
| Genel Not | Dış kapakta yapıt adı : Cumhuriyet Halk Partisi 23. dönem milletvekilleri albümü |
| 610 ## - KONU KATMA GİRİŞ - TOPLANTI ADI | |
| Giriş Elemanı Olarak Kurumsal Ad Veya Yargı Alanı Adı | Cumhuriyet Halk Partisi (CHP) |
| Genel Alt Bölüm | Milletvekilleri |
| Kronolojik Alt Bölüm | Albümler |
| 610 ## - KONU KATMA GİRİŞ - TOPLANTI ADI | |
| Giriş Elemanı Olarak Kurumsal Ad Veya Yargı Alanı Adı | CHP |
| Genel Alt Bölüm | TBMM |
| Kronolojik Alt Bölüm | Albümler |
| 830 ## - SERİSİ EKLENDİ GİRİŞ - ÜNİFORM ADI | |
| Üniforma Başlık | CHP albümleri |
| 942 ## - EKLENDİ GİRİŞ ELEMANLARI (KOHA) | |
| Sınıflandırma Veya Raf Düzeni Kaynak | Dewey Decimal Classification |
| Koha Öğesi Türü | Books |
| 999 ## - SİSTEM KONTROL NUMARALARI (KOHA) | |
| Koha Biblionumber | 4502 |
| Koha Biblioitemnumber | 4502 |
| 657 ## - INDEX SÜRE - İŞLEVİ | |
| -- | 2007 CHP milletvekili albümü |
| 657 ## - INDEX SÜRE - İŞLEVİ | |
| -- | 2007 CHP parti meclisi albümü |
| Kalıcı Konum | Mevcut Konum | Edinme Tarihi | Edinim Kaynak | Toplam Check-Out'Lar | Tam Çağrı Numarası | Barkod | Tarih Son Görülme | İtibaren Geçerli Fiyatlar | Koha Öğesi Türü |
|---|---|---|---|---|---|---|---|---|---|
| CHP Kütüphanesi | CHP Kütüphanesi | 01/26/2017 | Bağış | CHP 328.561 C36t 2007 | 013056 | 01/26/2017 | 01/26/2017 | Books |
